| 000 | 00507nam a2200181 a 4500 | ||
|---|---|---|---|
| 005 | 20250524063828.0 | ||
| 008 | 991125s1997 mx 000 0 spa u | ||
| 035 | _aUPN01000008420 | ||
| 049 | _aF | ||
| 050 | 4 |
_aLB2846 _bU6.2 |
|
| 110 | 2 | _aUNESCO | |
| 245 | 1 | 0 |
_aClasificación Internacional Normalizada de la Educación : _bCINE / _cUNESCO, |
| 260 |
_a[S.l.] : _bUNESCO, _c1997. |
||
| 300 | _a42 p. | ||
| 650 | 4 |
_aEstadística educativa _914177 |
|
| 650 | 4 |
_aEducación _vEstadística _97284 |
|
| 905 | _aLibro | ||
| 999 |
_c8420 _d8420 |
||